[Event "CUB Province-chT Schools 54th"]
[Site "Santa Clara"]
[Date "2018.07.13"]
[Round "2.1"]
[White "Morell Fuentes, Analia"]
[Black "Gonzalez Diaz, Penelope"]
[Result "0-1"]
[WhiteElo "1553"]
[BlackElo "2026"]
[PlyCount "114"]
[EventDate "2018.07.13"]
[EventType "team-swiss"]
[EventRounds "9"]
[EventCountry "CUB"]
[SourceTitle "CBM 195 Extra"]
[Source "ChessBase"]
[SourceDate "2020.05.31"]
[SourceVersion "1"]
[SourceVersionDate "2020.05.31"]
[SourceQuality "1"]
[WhiteTeam "Camaguey"]
[BlackTeam "La Habana"]
[WhiteTeamCountry "CUB"]
[BlackTeamCountry "CUB"]

1. e4 c5 2. Nc3 Nc6 3. f4 g6 4. Nf3 Bg7 5. d3 d6 6. Be2 Nf6 7. 0-0 0-0 8. Qe1 Nb4 9. Bd1 a6 10. a3 Nc6 11. a4 Re8 12. Qh4 Nd7 13. f5 Nce5 14. Bh6 e6 15. Qh3 Nxf3+ 16. Rxf3 Ne5 17. Rf1 exf5 18. Bxg7 Kxg7 19. exf5 Bxf5 20. Qg3 Kh8 21. Bf3 Rb8 22. Be4 Be6 23. Rf2 Qe7 24. Raf1 f5 25. Bd5 b5 26. axb5 axb5 27. Bxe6 Qxe6 28. Ne2 Ng4 29. Nf4 Qe5 30. Rd2 Qxb2 31. h3 Ne5 32. Kh2 Qd4 33. Ne2 Qd5 34. Nc3 Qc6 35. Qg5 Re6 36. Ne2 Nf7 37. Qf4 Rbe8 38. Rf2 d5 39. Kg1 Qd6 40. Nc3 b4 41. Na4 Qxf4 42. Rxf4 Rc6 43. Kf1 Kg7 44. Rdf2 Ra8 45. Nb2 Re6 46. g4 Nd6 47. gxf5 Nxf5 48. Kg2 Ra7 49. Kh2 Kf7 50. R4f3 Re1 51. Rf1 Rxf1 52. Rxf1 Ra2 53. Nd1 Rxc2+ 54. Rf2 Rxf2+ 55. Nxf2 b3 56. Nd1 c4 57. Kg2 Ne3+ 0-1

[Event "Ortega Memorial tt"]
[Site "Havana"]
[Date "2018.05.28"]
[Round "9.2"]
[White "Martinez Torres, Francesco"]
[Black "Gonzalez Diaz, Penelope"]
[Result "1-0"]
[WhiteElo "1856"]
[BlackElo "1842"]
[PlyCount "97"]
[EventDate "2018.05.21"]
[EventType "team-tourn"]
[EventRounds "10"]
[EventCountry "CUB"]
[SourceTitle "EXT 2021"]
[Source "ChessBase"]
[SourceDate "2020.10.23"]
[SourceVersion "1"]
[SourceVersionDate "2020.10.23"]
[SourceQuality "1"]

1. d4 Nf6 2. Nf3 g6 3. c4 c5 4. Nc3 cxd4 5. Nxd4 Nc6 6. e4 Bg7 7. Nc2 0-0 8. Be2 d6 9. Be3 Be6 10. f3 Ne5 11. b3 Nfd7 12. Qd2 Qa5 13. Nd5 Qxd2+ 14. Kxd2 Bxd5 15. cxd5 Nf6 16. Nd4 Rac8 17. Rac1 a6 18. Rxc8 Rxc8 19. Rc1 Rxc1 20. Kxc1 Ne8 21. b4 Nc7 22. a4 e6 23. dxe6 fxe6 24. b5 axb5 25. axb5 Kf7 26. b6 Ne8 27. Bb5 Nf6 28. Nb3 Ke7 29. Na5 Ned7 30. Nxb7 Nb8 31. Na5 Nfd7 32. Kc2 d5 33. exd5 exd5 34. Nc6+ Nxc6 35. Bxc6 d4 36. Bg5+ Kd6 37. Bxd7 Kxd7 38. Bf4 Kc6 39. Bc7 Bf6 40. f4 Bh8 41. Kd3 Bf6 42. Be5 Bd8 43. Bxd4 Be7 44. Ke4 Bd6 45. g4 h5 46. gxh5 gxh5 47. h3 h4 48. f5 Kd7 49. Be5 1-0

[Event "Ortega Memorial tt"]
[Site "Havana"]
[Date "2018.05.26"]
[Round "7.3"]
[White "Hernandez Fernandez, Noel"]
[Black "Gonzalez Diaz, Penelope"]
[Result "0-1"]
[WhiteElo "1945"]
[BlackElo "1842"]
[PlyCount "60"]
[EventDate "2018.05.21"]
[EventType "team-tourn"]
[EventRounds "10"]
[EventCountry "CUB"]
[SourceTitle "EXT 2021"]
[Source "ChessBase"]
[SourceDate "2020.10.23"]
[SourceVersion "1"]
[SourceVersionDate "2020.10.23"]
[SourceQuality "1"]

1. d4 Nf6 2. c4 c5 3. d5 b5 4. cxb5 a6 5. b6 d6 6. Nc3 Nbd7 7. e4 g6 8. Nf3 Bg7 9. Bg5 Nxb6 10. Qd2 0-0 11. Be2 Bd7 12. 0-0 Bb5 13. Rfe1 Bxe2 14. Rxe2 Ng4 15. Rae1 h6 16. Bh4 Nc4 17. Qc1 Nge5 18. Rd1 Nxf3+ 19. gxf3 Qd7 20. Kg2 f5 21. f4 g5 22. fxg5 f4 23. f3 Qe8 24. gxh6 Qg6+ 25. Kh3 Qxh6 26. Rg1 Ne5 27. Reg2 Rf7 28. Qf1 Kh8 29. Rg4 Bf6 30. Qf2 Rh7 0-1

[Event "Ortega Memorial tt"]
[Site "Havana"]
[Date "2018.05.24"]
[Round "5.3"]
[White "Perez Grinan, Pedro Ernesto"]
[Black "Gonzalez Diaz, Penelope"]
[Result "1-0"]
[WhiteElo "2071"]
[BlackElo "1842"]
[PlyCount "123"]
[EventDate "2018.05.21"]
[EventType "team-tourn"]
[EventRounds "10"]
[EventCountry "CUB"]
[SourceTitle "EXT 2021"]
[Source "ChessBase"]
[SourceDate "2020.10.23"]
[SourceVersion "1"]
[SourceVersionDate "2020.10.23"]
[SourceQuality "1"]

1. d4 Nf6 2. Nf3 g6 3. Bf4 Bg7 4. e3 0-0 5. h3 d5 6. Be2 c5 7. c3 Nc6 8. 0-0 b6 9. a4 Bb7 10. Nbd2 Nd7 11. Bb5 a6 12. Bxc6 Bxc6 13. b4 Re8 14. bxc5 bxc5 15. Qb3 e5 16. Bg3 Rb8 17. Qa3 Qa5 18. Rfc1 c4 19. Nxe5 Bxe5 20. dxe5 Nc5 21. e6 Rbc8 22. exf7+ Kxf7 23. Bd6 Nxa4 24. Nf3 Bb5 25. Be5 Qd8 26. Bd4 Qe7 27. Ne5+ Kg8 28. Qa2 Nc5 29. Ng4 Rc6 30. Qe2 Qg5 31. Bxc5 Rxc5 32. Rd1 h5 33. f4 Qe7 34. Ne5 Qe6 35. Qf3 Rb8 36. Rdb1 Rd8 37. Qg3 Kh7 38. Qh4 Re8 39. Qg5 Qf5 40. Qh4 Qe6 41. Kh2 Qe7 42. Qg3 Qe6 43. Rb2 Rc7 44. Qf3 Rf8 45. Rd2 Rc5 46. Qe2 Kg7 47. Qd1 Kh7 48. Qc2 Kg7 49. Qb1 Qf5 50. Qb4 Rfc8 51. Rd4 Qe6 52. g4 hxg4 53. Rg1 Qf5 54. Rxg4 Be8 55. Qb7+ R8c7 56. Qxa6 Qc2+ 57. Rg2 Qf5 58. Qd6 Bf7 59. Rd1 Rc8 60. Rdg1 Rh8 61. Rxg6+ Bxg6 62. Rxg6+ 1-0

[Event "Centroamericano and Caribe U18 Girls"]
[Site "Merida"]
[Date "2018.04.28"]
[Round "1"]
[White "Gonzalez Diaz, Penelope"]
[Black "Silva Villareal, Deinerys Natiusca"]
[Result "1-0"]
[WhiteElo "1842"]
[BlackElo "1283"]
[PlyCount "74"]
[EventDate "2018.04.28"]
[EventType "swiss"]
[EventRounds "9"]
[EventCountry "VEN"]
[SourceTitle "EXT 2021"]
[Source "ChessBase"]
[SourceDate "2020.10.23"]
[SourceVersion "1"]
[SourceVersionDate "2020.10.23"]
[SourceQuality "1"]

1. d4 d5 2. Nf3 Nf6 3. Bf4 e6 4. e3 Nc6 5. c3 Be7 6. Bd3 Bd6 7. Nbd2 Qe7 8. Ne5 Bd7 9. 0-0 g5 10. Nxc6 bxc6 11. Bxg5 e5 12. Qf3 e4 13. Qxf6 Qxf6 14. Bxf6 Rg8 15. Nxe4 dxe4 16. Bxe4 c5 17. Bxa8 Rg6 18. Bh4 Be6 19. Rfd1 Bg4 20. Rd2 Kd7 21. dxc5 c6 22. Rxd6+ Rxd6 23. cxd6 Kxd6 24. Bg3+ Kd7 25. f3 Be6 26. Rd1+ Bd5 27. e4 Ke6 28. exd5+ cxd5 29. Bxd5+ Ke7 30. Re1+ Kd7 31. Bxf7 Kc6 32. f4 Kd6 33. f5+ Kd7 34. f6 h6 35. Be6+ Ke8 36. f7+ Kf8 37. Bd6+ Kg7 1-0

[Event "Maria Teresa Mora Memorial op"]
[Site "Havana"]
[Date "2018.03.08"]
[Round "1"]
[White "Gonzalez Diaz, Penelope"]
[Black "Gonzalez Porro, Armando Andres"]
[Result "1/2-1/2"]
[WhiteElo "1894"]
[BlackElo "2056"]
[PlyCount "60"]
[EventDate "2018.03.08"]
[EventType "swiss"]
[EventRounds "9"]
[EventCountry "CUB"]
[SourceTitle "EXT 2021"]
[Source "ChessBase"]
[SourceDate "2020.10.23"]
[SourceVersion "1"]
[SourceVersionDate "2020.10.23"]
[SourceQuality "1"]

1. d4 Nf6 2. Nf3 d6 3. Bf4 e6 4. e3 b6 5. Bd3 Bb7 6. 0-0 Be7 7. h3 0-0 8. Nbd2 Nbd7 9. Qe2 Re8 10. c3 Bf8 11. Bh2 e5 12. dxe5 Nxe5 13. Nxe5 dxe5 14. Rfd1 Bd6 15. e4 Qe7 16. Nc4 Rad8 17. a4 c6 18. Nxd6 Rxd6 19. Bc2 g6 20. Rxd6 Qxd6 21. Rd1 Qe6 22. Bb1 c5 23. f3 Bc6 24. Qc2 c4 25. Rd2 Nd7 26. Qd1 Qe7 27. Kh1 Nc5 28. Bc2 Rc8 29. Bg1 Ne6 30. Be3 Nc5 1/2-1/2

[Event "Havana Gilberto Garcia Memorial Girls"]
[Site "Havana"]
[Date "2018.??.??"]
[Round "9"]
[White "Perez Marin, Olivia"]
[Black "Gonzalez Diaz, Penelope"]
[Result "0-1"]
[WhiteElo "1763"]
[BlackElo "1855"]
[PlyCount "84"]
[EventDate "2018.03.29"]
[EventType "tourn"]
[EventRounds "9"]
[EventCountry "CUB"]
[SourceTitle "EXT 2021"]
[Source "ChessBase"]
[SourceDate "2020.10.23"]
[SourceVersion "1"]
[SourceVersionDate "2020.10.23"]
[SourceQuality "1"]

1. e4 c5 2. Nf3 Nc6 3. d4 cxd4 4. Nxd4 g6 5. Nxc6 bxc6 6. Bd3 Bg7 7. f4 Nf6 8. Nc3 0-0 9. Be3 Bb7 10. 0-0 d5 11. e5 d4 12. exf6 Bxf6 13. Ne4 dxe3 14. Nxf6+ exf6 15. Qf3 Qd4 16. Qe4 Qxe4 17. Bxe4 Rfe8 18. Bd3 c5 19. Rae1 Rad8 20. Re2 Rd4 21. b3 Bd5 22. Bb5 Re7 23. Rfe1 Rxf4 24. Rxe3 Rxe3 25. Rxe3 Re4 26. Rd3 Rd4 27. Rxd4 cxd4 28. Kf2 Be4 29. Bd3 f5 30. a4 Kf8 31. g4 Bxd3 32. cxd3 fxg4 33. Kg3 h5 34. b4 Ke7 35. b5 Kd6 36. a5 Kc5 37. b6 axb6 38. a6 Kc6 39. Kf4 f5 40. Ke5 h4 41. Kxd4 g3 42. hxg3 h3 0-1

[Event "Pan American-ch U12 Girls"]
[Site "Cali"]
[Date "2015.07.02"]
[Round "7"]
[White "Gonzalez Diaz, Penelope"]
[Black "Bustamante Malpartida, Nayeli Aleydis Rubi"]
[Result "1-0"]
[WhiteElo "1782"]
[BlackElo "1533"]
[PlyCount "83"]
[EventDate "2015.06.28"]
[EventType "swiss"]
[EventRounds "9"]
[EventCountry "COL"]
[SourceTitle "EXT 2016"]
[Source "ChessBase"]
[SourceDate "2015.10.08"]
[SourceVersion "1"]
[SourceVersionDate "2015.10.08"]
[SourceQuality "1"]

1. d4 Nf6 2. c4 g6 3. Nc3 d6 4. e3 Bg7 5. Nf3 c5 6. dxc5 Qa5 7. Qb3 Qxc5 8. Qb5+ Nbd7 9. Qxc5 Nxc5 10. Be2 0-0 11. 0-0 Bf5 12. Nd4 Bd3 13. Rd1 Bxe2 14. Ndxe2 a6 15. Rb1 Rac8 16. b3 Nfe4 17. Nxe4 Nxe4 18. Bb2 Rc7 19. Bxg7 Kxg7 20. f3 Nc5 21. Nf4 Re8 22. Nd5 Rcc8 23. e4 e6 24. Ne3 Red8 25. Rd2 b6 26. Rbd1 Nb7 27. Nf1 Kf8 28. Ng3 Ke7 29. h3 Nc5 30. Ne2 e5 31. Nc3 Rc6 32. Nd5+ Kf8 33. Nb4 Rcc8 34. Rxd6 Rxd6 35. Rxd6 a5 36. Nd5 Rb8 37. Rxb6 Ra8 38. Rb5 Nd3 39. Kf1 Nc1 40. a3 a4 41. Nb6 Ra7 42. Nxa4 1-0